[Event "XLIX C.to Italiano"]
[Site "Chianciano Terme ITA"]
[Date "1989.04.??"]
[Round "11"]
[White "Lanzani, Mario"]
[Black "Bellia, Fabrizio"]
[Result "1/2-1/2"]
[WhiteElo "2320"]
[BlackElo "2255"]
[PlyCount "21"]
[EventDate "1989.04.01"]

1. e4 e5 2. Nf3 Nc6 3. Bb5 a6 4. Ba4 Nf6 5. d4 exd4 6. O-O Be7 7. Re1 O-O 8. e5
Ne8 9. Bf4 b5 10. Bb3 d5 11. c3 1/2-1/2

[Event "XLIX C.to Italiano"]
[Site "Chianciano Terme ITA"]
[Date "1989.04.??"]
[Round "11"]
[White "Mantovani, Renzo"]
[Black "Borgo, Giulio"]
[Result "1/2-1/2"]
[WhiteElo "2370"]
[BlackElo "2300"]
[PlyCount "41"]
[EventDate "1989.04.01"]

1. Nf3 c5 2. b3 Nf6 3. Bb2 e6 4. e3 Be7 5. d4 d6 6. c4 Nbd7 7. Nbd2 O-O 8. Bd3
b6 9. O-O Bb7 10. Qe2 Qc7 11. Rac1 Rac8 12. Ng5 Rfe8 13. f4 Bf8 14. f5 exf5 15.
Bxf5 h6 16. Ngf3 g6 17. Bxd7 Nxd7 18. d5 Rcd8 19. Qd3 Bg7 20. Bxg7 Kxg7 21. e4
1/2-1/2

[Event "XLIX C.to Italiano"]
[Site "Chianciano Terme ITA"]
[Date "1989.04.??"]
[Round "11"]
[White "Pantaleoni, Claudio"]
[Black "Vezzosi, Paolo"]
[Result "0-1"]
[WhiteElo "2245"]
[BlackElo "2340"]
[PlyCount "76"]
[EventDate "1989.04.01"]

1. Nf3 Nf6 2. d4 e6 3. c4 Bb4+ 4. Bd2 Qe7 5. g3 Nc6 6. Bg2 Bxd2+ 7. Nbxd2 d6 8.
O-O O-O 9. Qb3 e5 10. e3 h6 11. d5 Nb8 12. Qc2 a5 13. Nh4 Na6 14. Nf5 Bxf5 15.
Qxf5 Nc5 16. Qc2 e4 17. Nb3 Nxb3 18. Qxb3 Nd7 19. Qc3 Rfe8 20. b3 h5 21. a3 h4
22. b4 Qg5 23. Rfd1 Qf5 24. Qd4 b6 25. Rf1 Nf6 26. Rad1 axb4 27. axb4 Ra4 28.
b5 Rea8 29. Rd2 Ra3 30. Rfd1 R8a4 31. Bf1 h3 32. Be2 Ng4 33. Bxg4 Qxg4 34. f4
Qf3 35. Re1 Rd3 36. Rf2 Rxd4 37. Rxf3 Rdxc4 38. Rf2 Rc5 0-1

[Event "XLIX C.to Italiano"]
[Site "Chianciano Terme ITA"]
[Date "1989.04.??"]
[Round "11"]
[White "Rossi, Carlo"]
[Black "Sarno, Spartaco"]
[Result "0-1"]
[WhiteElo "2320"]
[BlackElo "2270"]
[PlyCount "80"]
[EventDate "1989.04.01"]

1. e4 c6 2. d3 d5 3. Nd2 g6 4. Ngf3 Bg7 5. g3 e5 6. Bg2 Ne7 7. O-O O-O 8. b4 a5
9. bxa5 Qxa5 10. Bb2 Bg4 11. Re1 Nd7 12. Qb1 Bxf3 13. Nxf3 dxe4 14. Rxe4 Rfe8
15. c4 Rad8 16. d4 f5 17. Re2 e4 18. Nd2 Qa7 19. c5 b6 20. cxb6 Nxb6 21. a4
Nbd5 22. Nb3 Rb8 23. Qc2 Rb4 24. Nc5 Reb8 25. Ba3 Bxd4 26. Bxb4 Rxb4 27. Rc1
Nc3 28. Ne6 Nxe2+ 29. Qxe2 Rxa4 30. h4 Qd7 31. Qc2 Ra1 32. Rxa1 Bxa1 33. Qa2
Bf6 34. Bf1 Nd5 35. Qa8+ Kf7 36. Nc5 Qd6 37. Nb7 Qc7 38. Bc4 e3 39. Qa7 exf2+
40. Kxf2 Kg7 0-1

[Event "XLIX C.to Italiano"]
[Site "Chianciano Terme ITA"]
[Date "1989.04.??"]
[Round "11"]
[White "Tatai, Stefano"]
[Black "Belotti, Bruno"]
[Result "0-1"]
[WhiteElo "2395"]
[BlackElo "2350"]
[PlyCount "112"]
[EventDate "1989.04.01"]

1. d4 Nf6 2. c4 g6 3. Nc3 Bg7 4. e4 d6 5. Be2 O-O 6. Bg5 Nbd7 7. Qd2 e5 8. Nf3
c6 9. O-O exd4 10. Nxd4 Nc5 11. f3 Nfxe4 12. fxe4 Bxd4+ 13. Qxd4 Qxg5 14. Rad1
a5 15. Rf3 Be6 16. Rg3 Qh4 17. Qe3 Qe7 18. e5 dxe5 19. Qxe5 Rfe8 20. Re3 Qf8
21. Qd6 Qxd6 22. Rxd6 Red8 23. Rxd8+ Rxd8 24. Kf1 Kg7 25. b3 Rd6 26. Re5 b6 27.
Re3 f5 28. g3 g5 29. Ke1 Kf6 30. Nd1 Rd4 31. a3 f4 32. gxf4 gxf4 33. Rc3 Ne4
34. Rf3 Ke5 35. Nb2 Ng5 36. Rc3 c5 37. b4 Re4 38. Kd2 Rd4+ 39. Ke1 Re4 40. Kd2
axb4 41. axb4 cxb4 42. Rb3 f3 43. Bxf3 Bxc4 44. Nxc4+ Rxc4 45. Bg2 Rh4 46. h3
Ne6 47. Re3+ Kd6 48. Be4 Nc5 49. Bc2 h6 50. Bb3 Rf4 51. Kc2 Kc6 52. Kb2 Kb5 53.
Bd1 Rf2+ 54. Kc1 Rh2 55. Rg3 Kc4 56. Rg4+ Kc3 0-1

[Event "XLIX C.to Italiano"]
[Site "Chianciano Terme ITA"]
[Date "1989.04.??"]
[Round "11"]
[White "Vancini, Edoardo"]
[Black "Vallifuoco, Giacomo"]
[Result "1/2-1/2"]
[WhiteElo "2245"]
[BlackElo "2345"]
[PlyCount "46"]
[EventDate "1989.04.01"]

1. e4 c5 2. c3 Nf6 3. e5 Nd5 4. d4 cxd4 5. Nf3 e6 6. cxd4 d6 7. a3 Bd7 8. Bd3
Bc6 9. O-O Nd7 10. b4 a6 11. Re1 Be7 12. Bb2 N7b6 13. Nbd2 Na4 14. Qb3 O-O 15.
Be4 Nxb2 16. Qxb2 Rc8 17. Nb3 b6 18. Qd2 Bb7 19. Rac1 Qd7 20. Bb1 g6 21. Qh6
Rxc1 22. Rxc1 Rc8 23. h4 Nc3 1/2-1/2

[Event "XLIX C.to Italiano"]
[Site "Chianciano Terme ITA"]
[Date "1989.04.??"]
[Round "12"]
[White "Bellia, Fabrizio"]
[Black "Tatai, Stefano"]
[Result "1/2-1/2"]
[WhiteElo "2255"]
[BlackElo "2395"]
[PlyCount "24"]
[EventDate "1989.04.01"]

1. e4 c5 2. Nf3 d6 3. d4 cxd4 4. Nxd4 Nf6 5. Nc3 g6 6. g3 Nc6 7. Nde2 Bd7 8.
Bg2 Qc8 9. h3 Bg7 10. g4 O-O 11. O-O Rb8 12. a4 a6 1/2-1/2

[Event "XLIX C.to Italiano"]
[Site "Chianciano Terme ITA"]
[Date "1989.04.??"]
[Round "12"]
[White "Borgo, Giulio"]
[Black "Pantaleoni, Claudio"]
[Result "1/2-1/2"]
[WhiteElo "2300"]
[BlackElo "2245"]
[PlyCount "40"]
[EventDate "1989.04.01"]

1. e4 e5 2. Nf3 Nc6 3. Bb5 a6 4. Ba4 Nf6 5. Qe2 b5 6. Bb3 Bc5 7. a4 Rb8 8. axb5
axb5 9. O-O O-O 10. d3 h6 11. c3 d6 12. Rd1 Qe7 13. h3 Bd7 14. Nbd2 b4 15. Bc2
bxc3 16. bxc3 Ra8 17. Rxa8 Rxa8 18. Nc4 Ra1 19. Be3 Rxd1+ 20. Qxd1 Bxe3 1/2-1/2

[Event "XLIX C.to Italiano"]
[Site "Chianciano Terme ITA"]
[Date "1989.04.??"]
[Round "12"]
[White "Godena, Michele"]
[Black "Vancini, Edoardo"]
[Result "1/2-1/2"]
[WhiteElo "2425"]
[BlackElo "2245"]
[PlyCount "26"]
[EventDate "1989.04.01"]

1. e4 e6 2. d4 d5 3. Nd2 Nf6 4. e5 Nfd7 5. Bd3 c5 6. c3 Nc6 7. Ne2 cxd4 8. cxd4
f6 9. exf6 Nxf6 10. Nf3 Bd6 11. O-O O-O 12. Bf4 Bxf4 13. Nxf4 Ne4 1/2-1/2

[Event "XLIX C.to Italiano"]
[Site "Chianciano Terme ITA"]
[Date "1989.04.??"]
[Round "12"]
[White "Rossi, Carlo"]
[Black "Arlandi, Ennio"]
[Result "0-1"]
[WhiteElo "2320"]
[BlackElo "2390"]
[PlyCount "82"]
[EventDate "1989.04.01"]

1. d4 d5 2. Bg5 c6 3. e3 Qb6 4. Bd3 Qxb2 5. Nd2 Nd7 6. Ngf3 Ngf6 7. O-O e6 8.
Qe2 Qb6 9. c4 h6 10. Bh4 Be7 11. Ne5 Nxe5 12. dxe5 Nd7 13. Bxe7 Kxe7 14. Rab1
Qc7 15. f4 b6 16. Qg4 Kf8 17. cxd5 exd5 18. Qg3 Nc5 19. Bc2 Ba6 20. Rfc1 Bd3
21. Rb4 Rd8 22. Rd4 Bxc2 23. Rxc2 g6 24. h3 Ne6 25. Nf3 Nxd4 26. Nxd4 c5 27. f5
g5 28. f6 Re8 29. Nf3 Rg8 30. h4 g4 31. Qf4 Re6 32. Qxh6+ Ke8 33. Ng5 Rxe5 34.
Qg7 Rxg5 35. hxg5 Rf8 36. g6 Qe5 37. gxf7+ Rxf7 38. Qg8+ Rf8 39. Qxg4 Qxf6 40.
Qc8+ Ke7 41. Qb7+ Kd6 0-1

[Event "XLIX C.to Italiano"]
[Site "Chianciano Terme ITA"]
[Date "1989.04.??"]
[Round "12"]
[White "Sarno, Spartaco"]
[Black "Vezzosi, Paolo"]
[Result "1/2-1/2"]
[WhiteElo "2270"]
[BlackElo "2340"]
[PlyCount "89"]
[EventDate "1989.04.01"]

1. d4 Nf6 2. c4 e6 3. Nf3 Bb4+ 4. Bd2 Qe7 5. g3 Nc6 6. Bg2 Bxd2+ 7. Nbxd2 d6 8.
O-O O-O 9. e4 e5 10. d5 Nb8 11. b4 a5 12. a3 Na6 13. Qb3 Bg4 14. Rfb1 c6 15.
dxc6 bxc6 16. Nh4 g6 17. Qc3 Rfb8 18. h3 Bd7 19. Nhf3 axb4 20. axb4 c5 21. b5
Nb4 22. Ne1 Nh5 23. Nd3 Nxd3 24. Qxd3 Ng7 25. Qd5 Rxa1 26. Rxa1 Ne8 27. Ra7 Qd8
28. h4 Be6 29. Qd3 Ra8 30. Qa3 Rxa7 31. Qxa7 Qc7 32. Qa8 Kf8 33. Kh2 Qc8 34.
Qa5 Nf6 35. Qa7 Ke8 36. f3 h6 37. Kg1 Nd7 38. Kh2 Qb8 39. Qxb8+ Nxb8 40. Bh3
Ke7 41. Bxe6 fxe6 42. h5 g5 43. Nf1 Nd7 44. Ne3 Nf6 45. Kg2 1/2-1/2

[Event "XLIX C.to Italiano"]
[Site "Chianciano Terme ITA"]
[Date "1989.04.??"]
[Round "13"]
[White "Arlandi, Ennio"]
[Black "Sarno, Spartaco"]
[Result "1-0"]
[WhiteElo "2390"]
[BlackElo "2270"]
[PlyCount "77"]
[EventDate "1989.04.01"]

1. d4 Nf6 2. c4 g6 3. Nc3 Bg7 4. e4 d6 5. Nf3 O-O 6. Be2 e5 7. O-O Nc6 8. d5
Ne7 9. Ne1 Nd7 10. f3 f5 11. Be3 f4 12. Bf2 g5 13. b4 Nf6 14. c5 Ng6 15. cxd6
cxd6 16. Rc1 h5 17. Nb5 Rf7 18. a4 g4 19. a5 g3 20. Bxa7 Ne8 21. Kh1 Bd7 22.
Bb6 Qh4 23. Bg1 Qg5 24. Na3 Nh4 25. Bb5 Nxg2 26. Nxg2 Bh3 27. Qd2 h4 28. Bxe8
Rxe8 29. Nb5 Bf8 30. Nc7 Rh7 31. Bb6 Bd7 32. Nxe8 Bxe8 33. Rc7 Be7 34. Rfc1 h3
35. Ne1 Rg7 36. Rxb7 Bb5 37. Rc8+ Kh7 38. Rcc7 g2+ 39. Kg1 1-0

[Event "XLIX C.to Italiano"]
[Site "Chianciano Terme ITA"]
[Date "1989.04.??"]
[Round "13"]
[White "Lanzani, Mario"]
[Black "Godena, Michele"]
[Result "1/2-1/2"]
[WhiteElo "2320"]
[BlackElo "2425"]
[PlyCount "21"]
[EventDate "1989.04.01"]

1. e4 e5 2. Nf3 Nc6 3. Bb5 f5 4. d3 Nf6 5. Nc3 fxe4 6. dxe4 Bb4 7. Qd3 d6 8.
O-O Bxc3 9. Qxc3 Bd7 10. Re1 O-O 11. Bg5 1/2-1/2

[Event "XLIX C.to Italiano"]
[Site "Chianciano Terme ITA"]
[Date "1989.04.??"]
[Round "13"]
[White "Mantovani, Renzo"]
[Black "Bellia, Fabrizio"]
[Result "1/2-1/2"]
[WhiteElo "2370"]
[BlackElo "2255"]
[PlyCount "39"]
[EventDate "1989.04.01"]

1. Nf3 Nf6 2. e3 g6 3. b4 Bg7 4. Bb2 O-O 5. c4 d6 6. d4 c6 7. Nbd2 a6 8. Be2 b5
9. O-O Nbd7 10. a4 bxc4 11. Nxc4 Nd5 12. Qd2 N7f6 13. Rfc1 Ne4 14. Qe1 Rb8 15.
Ba3 Bd7 16. Bd3 f5 17. Na5 Qb6 18. Nd2 Nxd2 19. Qxd2 f4 20. Nc4 1/2-1/2

[Event "XLIX C.to Italiano"]
[Site "Chianciano Terme ITA"]
[Date "1989.04.??"]
[Round "13"]
[White "Pantaleoni, Claudio"]
[Black "Belotti, Bruno"]
[Result "1/2-1/2"]
[WhiteElo "2245"]
[BlackElo "2350"]
[PlyCount "24"]
[EventDate "1989.04.01"]

1. e4 c6 2. d4 d5 3. Nc3 dxe4 4. Nxe4 Bf5 5. Ng3 Bg6 6. h4 h6 7. Nf3 Nd7 8. h5
Bh7 9. Bd3 Bxd3 10. Qxd3 Qc7 11. Bd2 Ngf6 12. O-O-O O-O-O 1/2-1/2

[Event "XLIX C.to Italiano"]
[Site "Chianciano Terme ITA"]
[Date "1989.04.??"]
[Round "13"]
[White "Tatai, Stefano"]
[Black "Vallifuoco, Giacomo"]
[Result "1/2-1/2"]
[WhiteElo "2395"]
[BlackElo "2345"]
[PlyCount "21"]
[EventDate "1989.04.01"]

1. Nf3 d5 2. d4 Nf6 3. c4 c6 4. e3 e6 5. Nc3 Nbd7 6. Qc2 Bd6 7. Be2 O-O 8. O-O
Re8 9. b3 Qe7 10. Bb2 dxc4 11. Bxc4 1/2-1/2

[Event "XLIX C.to Italiano"]
[Site "Chianciano Terme ITA"]
[Date "1989.04.??"]
[Round "13"]
[White "Vancini, Edoardo"]
[Black "Rossi, Carlo"]
[Result "1/2-1/2"]
[WhiteElo "2245"]
[BlackElo "2320"]
[PlyCount "22"]
[EventDate "1989.04.01"]

1. d4 d6 2. e4 Nc6 3. Nf3 Nf6 4. Nc3 Bg4 5. Be2 e6 6. O-O Be7 7. Be3 d5 8. exd5
exd5 9. Re1 O-O 10. Bg5 h6 11. Bh4 Re8 1/2-1/2

[Event "XLIX C.to Italiano"]
[Site "Chianciano Terme ITA"]
[Date "1989.04.??"]
[Round "13"]
[White "Vezzosi, Paolo"]
[Black "Borgo, Giulio"]
[Result "1/2-1/2"]
[WhiteElo "2340"]
[BlackElo "2300"]
[PlyCount "29"]
[EventDate "1989.04.01"]

1. d4 Nf6 2. Nf3 c5 3. d5 b5 4. c4 bxc4 5. Nc3 d6 6. e4 Nbd7 7. Bxc4 g6 8. O-O
Bg7 9. Re1 O-O 10. h3 Nb6 11. Bf1 e6 12. dxe6 Bxe6 13. Bg5 Qb8 14. Bf4 Rd8 15.
Qc2 1/2-1/2